00441nam a2200145Ia 4500003000900000008004100009040003300050041000800083080001900091100002700110245006600137246003400203260005000237300000800287LK-CoDNM010623t1987 xxu||||| |||| 00| 1 sin d aLK-CoDNMdLK-CoDNMeLK-CoDNM asin aX 398.8[8] SIN aPathirana,Herberteed. aසිංහල ජනකවි සංග්‍ර‍හය 2 aSinhala Jajakavi Sangrahaya 2 bDepartment of National MuseumsaColomboc1987 b cm